Ahlul-Bait (keluarga) Rasulullah SAW & Kesultanan Melayu

Bibliographic Details
Other Authors: Hj Muzaffar Dato' Hj Mohamad, Suzana Hj Othman
Format: Book
Published: Selangor : Crescent News (K. L) , 2006
Subjects:

MARC

LEADER 00000cam a2200000 7i4500
001 0000012620
005 20071227.0
008 071227
020 |a 9833020127 
090 0 0 |a 297.64   |b AHL 
245 1 0 |a Ahlul-Bait (keluarga) Rasulullah SAW & Kesultanan Melayu   |c Susunan Hj Muzaffar Dato' Hj Mohamad & Suzana Hj Othman 
260 |a Selangor :   |b Crescent News (K. L) ,   |c 2006 
650 0 |a Malays (Asian people)   |x King and rulers   |x History 
650 0 |a Malaysia   |x Kings and rulers   |x History 
650 0 |a Muhammad, Prophet,d 632   |x Family   |x History 
700 0 |a Hj Muzaffar Dato' Hj Mohamad 
700 0 |a Suzana Hj Othman 
999 |a 0001009824   |b Book   |c Adult Collection   |e Perbadanan Perpustakaan Awam Johor 
999 |a 0001009825   |b Book   |c Adult Collection   |e Perbadanan Perpustakaan Awam Johor 
999 |a 0001009826   |b Book   |c Adult Collection   |e Perbadanan Perpustakaan Awam Johor 
999 |a 0001009827   |b Book   |c Adult Collection   |e Perbadanan Perpustakaan Awam Johor 
999 |a 0001009828   |b Book   |c Adult Collection   |e Perbadanan Perpustakaan Awam Johor 
999 |a 0001045554   |b Book   |c Adult Collection   |e Cawangan Bandar Tenggara